1380 1548 1215 1951 1140 1927 1327 1784 1652 1217 1683 1463 1747 1361 1389 1338 1974 1675 1478 1059 1730 1069 1357 1624 1290 1652 1294 1819 1501 1699 1024 1660 1924 1186 1962 1019 1232 1748 1942 1598 1214 1205 1365 1550 1204 1758 1286 1225 1754 1611 1658 1406 1719 1479 1527 1892 1327 1250 1121 1559 1049 1553 1734 1545 1190 1202 1787 1738 1763 1166 1293 1031 1155 1312 1080 1602 1187 1465 1933 1409 1167 1971 1220 1460 1926 1273 1685 1839 1585 1117 1022 1796 1874 1131 1272 1929 1151 1394 1608 BCNSPRNW ULIB Ver.6.0+V

เปลี่ยนเป็นภาษาไทย

Change to English
 แสดงรายละเอียดบรรณานุกรม
  กลับหน้าหลัก

Brief Record : Get Marc (ISO 2709) : E-mail record : QR code < ปิดหน้าต่าง
LEADER : 00000nam 2200000uu 4500
001    13399113054
003     ULIB
008    110922s2552||||th 000 0 tha d
020    9786167063034
050 04 N5334^bศ721ส 2552
100 0  ศุภลักษณ์ สนธิชัย
245 10 สุดยอดสิ่งมหัศจรรรย์ของโลก=^bWonder of the world /^cศุภลักษณ์ สนธิชัย
246 31 Wonder of the world
250    พิมพ์ครั้งที่ 2
260    กรุงเทพฯ :^bอทิตตา,^c2552
300    277 หน้า ;^bภาพประกอบสี
650  7 สิ่งมหัศจรรย์ ^x หนังสือภาพ
650  7 ประวัติศาสตร์ของโลก
945    ^p550^l0^i027474
995    ทศพร
999 ^a ทศพร
รายการนี้ยังไม่มีแท็ก
คุณยังไม่ได้ล็อกอิน คุณสามารถมีกิจกรรมร่วมกับเว็บไซต์ได้ แต่ต้องล็อกอินก่อน ::
  ล็อกอิน

รายการสื่อสารสนเทศ

ลำดับที่ ประเภท เลขเรียก/บาร์โค้ด สถานที่ สถานะ
- ไม่พบข้อมูล -

รายการใกล้เคียง
    ผู้แต่ง [ศุภลักษณ์ สนธิชัย]

    หัวเรื่อง [ประวัติศาสตร์ของโลก]

BibComment


ยังไม่เคยถูกคอมเมนท์

คอมเมนท์ทรัพยากรรายการนี้
  คอมเมนท์: สุดยอดสิ่งมหัศจรร..


 Copyright 2026. Bcnsprnw @Library